Pistons Player to Nickname - Statistics

General Stats
  • This quiz has been taken 43 times
  • The average score is 6 of 12
Answer Stats
Hint Answer % Correct
Malik Beasley Beas
73%
Isaiah Stewart Beef Stew
73%
Jaden Ivey Poison ____
73%
Marcus Sasser Sassy Molassey
73%
Tim Hardaway Jr. THJ
68%
Tobias Harris Tobi
68%
Cade Cunningham Motor____
50%
Ron Holland Dutch
41%
Simone Fontecchio Tek
36%
Dennis Schroder The Menace
36%
Jalen Duren Peanut Head
23%
Ausar Thompson Tizzle
18%
No matching quizzes found
Score Distribution
Percent of People with Each Score
Percentile by Number Answered
Your Score History
You have not taken this quiz